Soldi, sesso e sentimenti (Record n. 210528)
[ formato base ]
| 000 -LEADER | |
|---|---|
| fixed length control field | 01703nam a2200205Ia 4500 |
| 001 - CONTROL NUMBER | |
| control field | b6510-46592 |
| 003 - CONTROL NUMBER IDENTIFIER | |
| control field | IT-MiCISF |
| 008 - FIXED-LENGTH DATA ELEMENTS--GENERAL INFORMATION | |
| fixed length control field | 161014s9999||||xx |||||||||||||| ||und|| |
| 040 ## - CATALOGING SOURCE | |
| Original cataloging agency | IT-MiCISF |
| Transcribing agency | IT-MiCISF |
| 041 ## - LANGUAGE CODE | |
| Language code of text/sound track or separate title | it |
| 999 ## - SYSTEM CONTROL NUMBERS (KOHA) | |
| Koha Dewey Subclass [OBSOLETE] | si |
| 100 ## - MAIN ENTRY--PERSONAL NAME | |
| Personal name | Dacquino Giacomo |
| 245 #0 - TITLE STATEMENT | |
| Title | Soldi, sesso e sentimenti |
| Remainder of title | Perchè l'amore e la felicità non si comprano |
| 250 ## - EDITION STATEMENT | |
| Edition statement | 1a ed. |
| 260 ## - PUBLICATION, DISTRIBUTION, ETC. (IMPRINT) | |
| Place of publication, distribution, etc. | Milano |
| Name of publisher, distributor, etc. | Mondadori |
| Date of publication, distribution, etc. | 2008 |
| 300 ## - PHYSICAL DESCRIPTION | |
| Extent | pp. 240 |
| 500 ## - GENERAL NOTE | |
| General note | / coppia-disfunzionale, terapia, case-studies / Il nostro mondo è dominato dalla bramosia di denaro, che influenza sempre più spesso non solo le scelte lavorative e i rapporti sociali, ma anche la sfera più intima dei sentimenti. I soldi da mezzo si sono trasformati in fine e condizionano i nostri pensieri e i nostri comportamenti, diventando il metro di misura del valore individuale. Ma se è vero che la ricchezza ha un grande potere di seduzione, il suo legame con il mondo degli affetti è più complesso, e non sempre basta un ragguardevole conto in banca per garantirsi l'amore. In ogni caso, il rapporto che stabiliamo con il denaro è una cartina al tornasole: se nella vita siamo avari o prodighi, tirchi o generosi, strozzini o scialacquatori, queste caratteristiche si manifesteranno anche nelle relazioni affettive con gli altri. In questo volume l'A. - psichiata e psicoterapeuta - analizza l'ampio spettro delle situazioni in cui i sentimenti d'amore si intrecciano con il denaro, raccontando alcune storie emblematiche di pazienti, tutte percorse dal bisogno di colmare gravi carenze affettive e da un'immaturità sentimentale di fondo. |
| 650 ## - SUBJECT ADDED ENTRY--TOPICAL TERM | |
| Topical term or geographic name as entry element | Relazione di coppia / coppia |
| Relator term | 002 |
| 942 ## - ADDED ENTRY ELEMENTS (KOHA) | |
| Koha item type | LIBRO |
| 957 ## - | |
| -- | 1 |
| 999 ## - SYSTEM CONTROL NUMBERS (KOHA) | |
| -- | 1 |
| Withdrawn status | Lost status | Damaged status | Not for loan | Home library | Current library | Date acquired | Total Checkouts | Full call number | Date last seen | Price effective from | Koha item type | Public note |
|---|---|---|---|---|---|---|---|---|---|---|---|---|
| Buone Condizioni | Not For Loan | CISF - Milano | CISF - Milano | 14/10/2016 | b6510-46592 | 14/10/2016 | 14/10/2016 | LIBRO | Data import 15.10.2016 / by Epidotti, Vaglietti |